Rumunsko v kontexte európskej integrácie v predvstupovom a povstupovom období diplomová práca

Salvato in:
Dettagli Bibliografici
Autore principale: Grancová, Martina
Ente Autore: Obchodná fakulta EU. Katedra medzinárodného obchodu
Altri autori: Báráňová-Čiderová, Denisa, 1977-
Natura: Libro
Lingua:slovacco
Pubblicazione: Bratislava 2008
Tags: Aggiungi Tag
Nessun Tag, puoi essere il primo ad aggiungerne!!

MARC

LEADER 00000nam$a2200000$$$4500
001 0085762
005 20240201120326.2
041 0 |a slo 
044 |a SK 
245 1 0 |a Rumunsko v kontexte európskej integrácie v predvstupovom a povstupovom období  |b diplomová práca  |c Martina Grancová ; škol. Denisa Báráňová-Čiderová 
264 1 |a Bratislava  |c 2008 
300 |a 89 s. 
100 1 |a Grancová, Martina 
700 1 |a Báráňová-Čiderová, Denisa, 1977- 
710 2 |a Obchodná fakulta EU. Katedra medzinárodného obchodu